000 00333nam a2200145Ia 4500
008 191201s1988 xx 000 0 und d
082 _a530
100 _aSABHARWAL,RC
245 0 _aText Book of Modern Physics
250 _a1st
260 _aN. Delhi
_bR Chand and Co
_c1988
300 _aMISC
650 _aApplied
942 _2ddc
_cBK
999 _c521
_d521